[Event "Bohumin op-A 8th"]
[Site "Bohumin"]
[Date "2025.07.03"]
[Round "7"]
[White "Trybus, Daniel"]
[Black "Kubik, Rafal"]
[Result "0-1"]
[WhiteElo "2077"]
[BlackElo "2137"]
[PlyCount "53"]
[EventDate "2025.06.28"]
[EventType "swiss"]
[EventRounds "9"]
[EventCountry "CZE"]
[SourceTitle "CB28_2025"]
[SourceDate "2025.07.09"]
[SourceVersion "1"]
[SourceVersionDate "2025.07.09"]
[SourceQuality "1"]

1. d4 Nf6 2. Nf3 g6 3. e3 Bg7 4. Be2 0-0 5. 0-0 c5 6. d5 d6 7. c4 e6 8. Nc3 exd5 9. cxd5 Re8 10. Nd2 Na6 11. e4 Rb8 12. f3 Nc7 13. a4 a6 14. a5 Bd7 15. Nc4 Nb5 16. Na4 Nh5 17. g4 Bd4+ 18. Kh1 Ng7 19. Bf4 f5 20. Bd3 fxg4 21. fxg4 Qh4 22. Nxd6 Bxg4 23. Qe1 Qh5 24. Qg3 Nxd6 25. Bxd6 Rbd8 26. Bxc5 Be5 27. Qf2 0-1

[Event "POL-chT U20 1st League"]
[Site "Chotowa"]
[Date "2025.06.20"]
[Round "7.49"]
[White "Ugorek, Kacper"]
[Black "Kubik, Rafal"]
[Result "0-1"]
[WhiteElo "2262"]
[BlackElo "2183"]
[PlyCount "120"]
[EventDate "2025.06.14"]
[EventType "team-swiss"]
[EventRounds "9"]
[EventCountry "POL"]
[SourceTitle "CB26_2025"]
[SourceDate "2025.06.25"]
[SourceVersion "1"]
[SourceVersionDate "2025.06.25"]
[SourceQuality "1"]
[WhiteTeam "Kalisz"]
[BlackTeam "Ognisko Rydultowy"]
[WhiteTeamCountry "POL"]
[BlackTeamCountry "POL"]

1. Nf3 Nf6 2. c4 g6 3. Nc3 Bg7 4. e4 e5 5. Nxe5 0-0 6. Nf3 Re8 7. d3 d5 8. cxd5 Nxd5 9. Bd2 Bg4 10. Be2 Bxf3 11. gxf3 Nb4 12. Be3 N8c6 13. a3 Na6 14. Nb5 Nd4 15. Nxd4 Bxd4 16. Bxd4 Qxd4 17. Qc2 Nc5 18. Qc3 Qd6 19. 0-0-0 Ne6 20. d4 Rad8 21. d5 Nf4 22. Bc4 Qe5 23. Kc2 a6 24. h4 Rd6 25. Rhg1 h5 26. Qxe5 Rxe5 27. Kc3 b5 28. Kd4 bxc4 29. Kxe5 Ne2 30. Rxg6+ Rxg6 31. Re1 Ng1 32. Re3 Rg2 33. f4 Kf8 34. b3 Rxf2 35. bxc4 Ke7 36. f5 f6+ 37. Kd4 Nf3+ 38. Kc5 Ne5 39. Rg3 Kf7 40. Rc3 Rd2 41. a4 Re2 42. d6 cxd6+ 43. Kxd6 Rxe4 44. c5 Rd4+ 45. Kc7 Rxa4 46. Rb3 Rxh4 47. Rb7 Ke7 48. Kc8+ Ke8 49. Kc7 Rd4 50. Rb8+ Ke7 51. Rh8 Rc4 52. Rh7+ Nf7 53. c6 a5 54. Rxh5 Ne5 55. Rh7+ Kf8 56. Rh8+ Kg7 57. Ra8 Rxc6+ 58. Kd8 Nf7+ 59. Ke7 Rc5 60. Ra7 Rxf5 0-1

[Event "Katowice rapid op"]
[Site "Katowice"]
[Date "2025.05.31"]
[Round "6"]
[White "Kowalski, Igor"]
[Black "Kubik, Rafal"]
[Result "1-0"]
[WhiteElo "2346"]
[BlackElo "2181"]
[PlyCount "91"]
[EventDate "2025.05.31"]
[EventType "swiss"]
[EventRounds "11"]
[EventCountry "POL"]
[SourceTitle "CB24_2025"]
[SourceDate "2025.06.11"]
[SourceVersion "1"]
[SourceVersionDate "2025.06.11"]
[SourceQuality "1"]

1. d4 Nf6 2. c4 g6 3. Nc3 d5 4. cxd5 Nxd5 5. e4 Nxc3 6. bxc3 Bg7 7. Bc4 c5 8. Ne2 Nc6 9. Be3 0-0 10. 0-0 Bg4 11. f3 Na5 12. Bd3 cxd4 13. cxd4 Be6 14. d5 Bxa1 15. Qxa1 f6 16. Nd4 Bd7 17. Bh6 Re8 18. Rb1 e5 19. dxe6 Bxe6 20. Rd1 Qb6 21. Be3 Rac8 22. Kf2 Nc4 23. Bxc4 Rxc4 24. Nf5 Rc2+ 25. Kg1 Qb2 26. Qxb2 Rxb2 27. Bd4 Rxa2 28. Nd6 Rf8 29. Nxb7 a5 30. Nc5 Bc4 31. Nd7 Be2 32. Rc1 Rd8 33. Nxf6+ Kf7 34. Nd5 Rd7 35. h4 Bd3 36. Rc6 a4 37. Rf6+ Ke8 38. Rb6 Kf7 39. Rf6+ Ke8 40. Bc5 Rf7 41. Re6+ Kd7 42. Rd6+ Kc8 43. Nb6+ Kc7 44. Rxd3 a3 45. Nd5+ Kc6 46. Nb4+ 1-0

[Event "Katowice rapid op"]
[Site "Katowice"]
[Date "2025.05.31"]
[Round "10"]
[White "Ochedzan, Filip"]
[Black "Kubik, Rafal"]
[Result "0-1"]
[WhiteElo "1928"]
[BlackElo "2181"]
[PlyCount "115"]
[EventDate "2025.05.31"]
[EventType "swiss"]
[EventRounds "11"]
[EventCountry "POL"]
[SourceTitle "CB24_2025"]
[SourceDate "2025.06.11"]
[SourceVersion "1"]
[SourceVersionDate "2025.06.11"]
[SourceQuality "1"]

1. e4 e5 2. Nf3 Nc6 3. Bb5 a6 4. Ba4 Nf6 5. 0-0 Be7 6. Re1 b5 7. Bb3 d6 8. c3 Na5 9. Bc2 c5 10. h3 Qc7 11. d4 Bd7 12. Nbd2 g5 13. Nf1 g4 14. hxg4 Nxg4 15. Ne3 Nxe3 16. Bxe3 Rg8 17. dxe5 dxe5 18. Qd5 Nc6 19. Qd2 Bh3 20. g3 Bg4 21. Nh2 Rd8 22. Qc1 Be6 23. Bd1 c4 24. Bh5 Na5 25. Qc2 Bc5 26. Rad1 Bxe3 27. Rxe3 Nb7 28. Nf3 Rxd1+ 29. Qxd1 Nc5 30. Re2 Nd3 31. Ne1 Nxe1 32. Rxe1 Qd8 33. Qf3 Kf8 34. Qe3 Qg5 35. Qxg5 Rxg5 36. Be2 Ke7 37. Kg2 Bg4 38. Bxg4 Rxg4 39. Rh1 Rxe4 40. Rxh7 Re2 41. Rh5 Ke6 42. Rh6+ f6 43. g4 Kf7 44. Rh7+ Kg6 45. Ra7 Rxb2 46. Rxa6 Rc2 47. Ra5 Rxc3 48. Rxb5 Kg5 49. f3 Kf4 50. Rb6 Rc2+ 51. Kf1 Kxf3 52. Rxf6+ Kxg4 53. a4 Ra2 54. Ra6 c3 55. Ke1 Kf3 56. Rc6 e4 57. Rxc3+ e3 58. Rc1 0-1

[Event "Katowice rapid op"]
[Site "Katowice"]
[Date "2025.05.31"]
[Round "2"]
[White "Spyra, Piotr"]
[Black "Kubik, Rafal"]
[Result "0-1"]
[WhiteElo "1902"]
[BlackElo "2181"]
[PlyCount "92"]
[EventDate "2025.05.31"]
[EventType "swiss"]
[EventRounds "11"]
[EventCountry "POL"]
[SourceTitle "CB24_2025"]
[SourceDate "2025.06.11"]
[SourceVersion "1"]
[SourceVersionDate "2025.06.11"]
[SourceQuality "1"]

1. e4 e5 2. Nf3 Nc6 3. d4 exd4 4. Nxd4 Nf6 5. Nxc6 bxc6 6. e5 Qe7 7. Qe2 Nd5 8. h4 Qe6 9. Nd2 d6 10. Nf3 dxe5 11. Qxe5 Bd6 12. Qxe6+ Bxe6 13. Bd2 h6 14. 0-0-0 0-0-0 15. Ba6+ Kb8 16. Nd4 Bd7 17. a3 c5 18. Nb5 Bf4 19. g3 Be5 20. c4 Nb6 21. b3 Bg4 22. Rde1 Bb2+ 23. Kxb2 Rxd2+ 24. Kc3 Rxf2 25. Re7 Bf5 26. Rc1 Bd7 27. a4 Re8 28. Rce1 Rxe7 29. Rxe7 Rf6 30. a5 Bxb5 31. Bxb5 Nc8 32. Re8 Rd6 33. Re5 a6 34. Ba4 Rg6 35. Rxc5 Rxg3+ 36. Kb4 Rg4 37. Rf5 Nd6 38. Re5 Re4 39. Rd5 Rxh4 40. Kc5 Rf4 41. Kc6 Rf5 42. Rd1 Rf6 43. Kd7 Ne4 44. b4 Rd6+ 45. Rxd6 Nxd6 46. b5 Nxc4 0-1

[Event "Krakow op-A 35th"]
[Site "Krakow"]
[Date "2025.01.04"]
[Round "9"]
[White "Grochol, Kamil"]
[Black "Kubik, Rafal"]
[Result "1/2-1/2"]
[WhiteElo "2141"]
[BlackElo "2114"]
[PlyCount "172"]
[EventDate "2024.12.27"]
[EventType "swiss"]
[EventRounds "9"]
[EventCountry "POL"]
[SourceTitle "CB02_2025"]
[SourceDate "2025.01.08"]
[SourceVersion "1"]
[SourceVersionDate "2025.01.08"]
[SourceQuality "1"]

1. e4 c5 2. Nf3 d6 3. Bb5+ Bd7 4. Bxd7+ Qxd7 5. 0-0 Nc6 6. c3 d5 7. exd5 Qxd5 8. d4 e6 9. Be3 cxd4 10. Nxd4 Nf6 11. Qe2 Nxd4 12. Bxd4 Be7 13. Rd1 Qh5 14. Qxh5 Nxh5 15. Nd2 Nf4 16. Bxg7 Rg8 17. Be5 Nxg2 18. Kf1 0-0-0 19. Ne4 Rxd1+ 20. Rxd1 Nh4 21. Bd6 Bd8 22. Ke2 Nf5 23. c4 Bc7 24. Bxc7 Kxc7 25. Nf6 Rg6 26. Nxh7 Rg4 27. Rd7+ Kc6 28. Rxf7 Rxc4 29. Kd3 Rd4+ 30. Kc3 Rh4 31. Ng5 Nd6 32. Rf6 Rxh2 33. Rxe6 Kd5 34. Re2 Rg2 35. Nh3 Rh2 36. Nf4+ Kc6 37. Nd3 Rh4 38. Nb4+ Kd7 39. Nd3 Nb5+ 40. Kd2 Kd6 41. Re8 Nd4 42. Rf8 Ne6 43. Rf7 Nd8 44. Rg7 a5 45. f4 Ne6 46. Rf7 b6 47. a4 Nc5 48. Nxc5 Kxc5 49. Rf6 Rh2+ 50. Kc3 Rh3+ 51. Kc2 Rh2+ 52. Kb1 Rf2 53. Ka2 Rf3 54. b3 Rf1 55. Rf5+ Kc6 56. Kb2 Rf2+ 57. Kc3 Rf3+ 58. Kc4 Kb7 59. Rf6 Kc7 60. Rf7+ Kd6 61. Rf6+ Kc7 62. f5 Rf4+ 63. Kd5 Rb4 64. Rc6+ Kd7 65. Rc3 b5 66. Rh3 bxa4 67. Rh7+ Ke8 68. bxa4 Rxa4 69. Ke6 Re4+ 70. Kf6 a4 71. Rh8+ Kd7 72. Kf7 Kc6 73. f6 Kb5 74. Kg6 Rg4+ 75. Kf5 Rg1 76. f7 Rf1+ 77. Ke6 Rxf7 78. Kxf7 a3 79. Ke6 Kb4 80. Kd5 a2 81. Rh1 Kc3 82. Kc5 Kb2 83. Rh2+ Kb1 84. Rh1+ Kb2 85. Kb6 a1Q 86. Rxa1 Kxa1 1/2-1/2

[Event "Krakow op-A 35th"]
[Site "Krakow"]
[Date "2024.12.28"]
[Round "2"]
[White "Krawczyk, Flawian"]
[Black "Kubik, Rafal"]
[Result "1/2-1/2"]
[WhiteElo "2231"]
[BlackElo "2114"]
[PlyCount "41"]
[EventDate "2024.12.27"]
[EventType "swiss"]
[EventRounds "9"]
[EventCountry "POL"]
[SourceTitle "CB02_2025"]
[SourceDate "2025.01.08"]
[SourceVersion "1"]
[SourceVersionDate "2025.01.08"]
[SourceQuality "1"]

1. d4 Nf6 2. c4 g6 3. Nc3 d5 4. cxd5 Nxd5 5. e4 Nxc3 6. bxc3 Bg7 7. Bc4 c5 8. Ne2 Nc6 9. Be3 0-0 10. 0-0 Bg4 11. f3 Na5 12. Bxf7+ Rxf7 13. fxg4 Rxf1+ 14. Kxf1 Qd6 15. Kg1 Qe6 16. Qd3 Qc4 17. Qxc4+ Nxc4 18. Bf2 cxd4 19. cxd4 e5 20. dxe5 Nxe5 21. Rb1 1/2-1/2

[Event "Krakow op-A 35th"]
[Site "Krakow"]
[Date "2024.12.27"]
[Round "1"]
[White "Kubik, Rafal"]
[Black "Vagman, Roy"]
[Result "1/2-1/2"]
[WhiteElo "2114"]
[BlackElo "2244"]
[PlyCount "78"]
[EventDate "2024.12.27"]
[EventType "swiss"]
[EventRounds "9"]
[EventCountry "POL"]
[SourceTitle "CB02_2025"]
[SourceDate "2025.01.08"]
[SourceVersion "1"]
[SourceVersionDate "2025.01.08"]
[SourceQuality "1"]

1. e4 c5 2. Nf3 d6 3. d4 cxd4 4. Nxd4 Nf6 5. Nc3 Nc6 6. Bg5 e6 7. Qd2 a6 8. 0-0-0 Bd7 9. Kb1 Be7 10. Nxc6 Bxc6 11. f3 Qc7 12. h4 h6 13. Be3 d5 14. e5 Nd7 15. f4 0-0-0 16. Ne2 Nb6 17. b3 Nd7 18. Qc3 g5 19. Nd4 Nc5 20. Nf5 Ne4 21. Nxe7+ Qxe7 22. Qd4 Ng3 23. Rh3 Nf5 24. Qa7 d4 25. Bxd4 Nxd4 26. Rxd4 Rxd4 27. Qxd4 Rd8 28. Qf2 Qb4 29. fxg5 hxg5 30. hxg5 Qd2 31. Qxd2 Rxd2 32. Kc1 Rf2 33. Bd3 Rxg2 34. Rh5 Kd7 35. Kb2 Ke7 36. Kc3 Bf3 37. Rh3 Bd5 38. Rh5 Bf3 39. Rh3 Bd5 1/2-1/2

[Event "Ustron op-A"]
[Site "Ustron"]
[Date "2024.08.12"]
[Round "4"]
[White "Kubik, Rafal"]
[Black "Demski, Michal"]
[Result "0-1"]
[WhiteElo "2235"]
[BlackElo "2122"]
[PlyCount "68"]
[EventDate "2024.08.09"]
[EventType "swiss"]
[EventRounds "9"]
[EventCountry "POL"]
[SourceTitle "EXT 2025"]
[Source "ChessBase"]
[SourceDate "2024.10.14"]
[SourceVersion "1"]
[SourceVersionDate "2024.10.14"]
[SourceQuality "1"]

1. e4 c6 2. d4 d5 3. e5 Bf5 4. Nf3 e6 5. Be2 Nd7 6. 0-0 a5 7. a4 f6 8. c4 fxe5 9. dxe5 Bc5 10. Nd4 Ne7 11. g4 Bxd4 12. Qxd4 Bg6 13. Nc3 0-0 14. cxd5 cxd5 15. Bg5 Nc6 16. Qd2 Qc7 17. f4 Qb6+ 18. Kg2 Nc5 19. Ra3 Ne4 20. Nxe4 Bxe4+ 21. Bf3 Bxf3+ 22. Rfxf3 Rac8 23. Bh4 d4 24. Bf2 Rfd8 25. Rfd3 Qc5 26. Ra1 Nb4 27. Rf3 Qd5 28. Kg3 Rc2 29. Qd1 d3 30. Be3 d2 31. Rf1 Rxb2 32. Qf3 Nc2 33. Rad1 Nxe3 34. Qxe3 Rb3 0-1

[Event "Ustron op-A"]
[Site "Ustron"]
[Date "2024.08.11"]
[Round "3"]
[White "Jaworski, Tymon"]
[Black "Kubik, Rafal"]
[Result "1/2-1/2"]
[WhiteElo "2200"]
[BlackElo "2235"]
[PlyCount "160"]
[EventDate "2024.08.09"]
[EventType "swiss"]
[EventRounds "9"]
[EventCountry "POL"]
[SourceTitle "EXT 2025"]
[Source "ChessBase"]
[SourceDate "2024.10.14"]
[SourceVersion "1"]
[SourceVersionDate "2024.10.14"]
[SourceQuality "1"]

1. d4 Nf6 2. Bf4 g6 3. e3 Bg7 4. Nf3 0-0 5. Be2 d6 6. h3 c5 7. c3 cxd4 8. exd4 Qb6 9. Qb3 Be6 10. Qxb6 axb6 11. Na3 Ne4 12. c4 Nc6 13. Be3 d5 14. 0-0 Nd6 15. Rfc1 Rfd8 16. Nb5 Nxc4 17. Nc7 Rac8 18. Nxe6 fxe6 19. Bxc4 dxc4 20. Rxc4 Rd5 21. Re1 Bf6 22. Rc2 Kf7 23. Rd2 Ra8 24. a3 b5 25. Kf1 Rad8 26. Rde2 R8d7 27. g3 b4 28. axb4 Nxb4 29. h4 Rc7 30. Bg5 Rc6 31. Rd1 Rb6 32. Bf4 Nc6 33. Red2 Rb4 34. Be5 Na5 35. Re2 Nc4 36. Rde1 Rb6 37. g4 h6 38. Re4 Rb3 39. Rf4 Rxf3 40. Rxf3 Nd2+ 41. Kg2 Nxf3 42. Kxf3 Bxh4 43. Rh1 Bg5 44. Ke4 Rb5 45. f4 Bf6 46. Rxh6 Bxe5 47. fxe5 Rxb2 48. Kf4 Rb4 49. Rh7+ Kf8 50. Ke4 b5 51. Rh8+ Kg7 52. Rb8 Rb1 53. g5 b4 54. Kd3 b3 55. Kc3 Rc1+ 56. Kd2 Rb1 57. Kd3 Rd1+ 58. Ke3 Rg1 59. Kf4 Rb1 60. Ke3 b2 61. Kd2 Kf7 62. Rb6 Rg1 63. Rxb2 Rxg5 64. Ke3 Rf5 65. Rh2 Kg7 66. Ra2 g5 67. Ke4 Rf4+ 68. Ke3 Kg6 69. Ra6 Kf7 70. Ra1 Rf5 71. Ke4 Rf2 72. Ke3 Rb2 73. Kf3 Rb7 74. Kg4 Kg6 75. Ra6 Kf7 76. Ra4 Rb1 77. Kxg5 Rf1 78. Ra8 Rf2 79. Rb8 Rd2 80. Rd8 Rf2 1/2-1/2

[Event "Warsaw Najdorf Memorial op-A"]
[Site "Warsaw"]
[Date "2024.07.15"]
[Round "7"]
[White "Kubik, Rafal"]
[Black "Nagly, Wojciech"]
[Result "1/2-1/2"]
[WhiteElo "2118"]
[BlackElo "2016"]
[PlyCount "112"]
[EventDate "2024.07.09"]
[EventType "swiss"]
[EventRounds "9"]
[EventCountry "POL"]
[SourceTitle "EXT 2025"]
[Source "ChessBase"]
[SourceDate "2024.10.14"]
[SourceVersion "1"]
[SourceVersionDate "2024.10.14"]
[SourceQuality "1"]

1. e4 c5 2. Nf3 Nc6 3. c3 e6 4. d4 cxd4 5. cxd4 d5 6. e5 Nge7 7. Na3 Nf5 8. Nc2 Be7 9. Bd3 0-0 10. 0-0 f6 11. Bf4 Bd7 12. Re1 g5 13. exf6 Bxf6 14. Be5 Be8 15. Qd2 h6 16. Bxf5 exf5 17. Bxf6 Qxf6 18. Ne5 Ne7 19. Qb4 b6 20. Ne3 h5 21. Nd1 f4 22. Nc3 Rd8 23. Ng4 hxg4 24. Qxe7 Bg6 25. Re5 Qxe7 26. Rxe7 Rf7 27. Re5 Rf5 28. Rae1 Kg7 29. Rxf5 Bxf5 30. Re5 Kg6 31. f3 gxf3 32. gxf3 Bd3 33. Re7 a6 34. Re6+ Kf5 35. Re5+ Kg6 36. Re6+ Kf5 37. Rxb6 g4 38. fxg4+ Kxg4 39. Kg2 f3+ 40. Kg1 Re8 41. Rf6 Re1+ 42. Kf2 Rf1+ 43. Ke3 Bf5 44. Rf8 Re1+ 45. Kf2 Rh1 46. Rg8+ Kf4 47. Nxd5+ Ke4 48. Nf6+ Kxd4 49. Kxf3 Rxh2 50. Rb8 Be6 51. a3 a5 52. Rb5 Bc4 53. Rxa5 Rxb2 54. Ng4 Be2+ 55. Kf4 Bxg4 56. Kxg4 Kc4 1/2-1/2

[Event "Bohumin op-A 7th"]
[Site "Bohumin"]
[Date "2024.07.03"]
[Round "6"]
[White "Fargac, Martin"]
[Black "Kubik, Rafal"]
[Result "1-0"]
[WhiteElo "2329"]
[BlackElo "2089"]
[PlyCount "91"]
[EventDate "2024.06.29"]
[EventType "swiss"]
[EventRounds "9"]
[EventCountry "CZE"]
[SourceTitle "CBM 221 Extra"]
[Source "ChessBase"]
[SourceDate "2024.09.30"]
[SourceVersion "1"]
[SourceVersionDate "2024.09.30"]
[SourceQuality "1"]

1. d4 Nf6 2. c4 g6 3. Nc3 d5 4. cxd5 Nxd5 5. Bd2 Bg7 6. e4 Nxc3 7. Bxc3 0-0 8. Bc4 c5 9. d5 Bxc3+ 10. bxc3 Qd6 11. Nf3 Nd7 12. 0-0 Ne5 13. Nxe5 Qxe5 14. Qd3 g5 15. a4 Bd7 16. Qe3 b6 17. Bb5 Rad8 18. Bxd7 Rxd7 19. f4 gxf4 20. Rxf4 f5 21. Raf1 e6 22. dxe6 Qxe6 23. Rxf5 Rxf5 24. Rxf5 h6 25. h3 Re7 26. Qg3+ Kh7 27. Qg4 Qd7 28. Qf4 Rg7 29. Qf3 Qxa4 30. Rf6 Qd7 31. e5 Qe8 32. Qd3+ Kg8 33. Qd5+ Kh7 34. Rd6 Rg6 35. Rd7+ Rg7 36. e6 Qg6 37. Rxg7+ Kxg7 38. Qd7+ Kf6 39. e7 Qb1+ 40. Kh2 Qc1 41. e8Q Qf4+ 42. Kg1 Qc1+ 43. Kf2 Qf4+ 44. Ke2 Qc4+ 45. Qd3 Qa2+ 46. Kf3 1-0

[Event "Bohumin op-A 7th"]
[Site "Bohumin"]
[Date "2024.06.29"]
[Round "1"]
[White "Kolar, Stanislav"]
[Black "Kubik, Rafal"]
[Result "1-0"]
[WhiteElo "1925"]
[BlackElo "2089"]
[PlyCount "93"]
[EventDate "2024.06.29"]
[EventType "swiss"]
[EventRounds "9"]
[EventCountry "CZE"]
[SourceTitle "CBM 221 Extra"]
[Source "ChessBase"]
[SourceDate "2024.09.30"]
[SourceVersion "1"]
[SourceVersionDate "2024.09.30"]
[SourceQuality "1"]

1. Nf3 Nf6 2. g3 g6 3. Bg2 Bg7 4. 0-0 0-0 5. d4 d5 6. c4 c6 7. Nc3 dxc4 8. Ne5 Ng4 9. f4 Nxe5 10. dxe5 f6 11. exf6 Bxf6 12. Be3 Qa5 13. Qc2 Be6 14. Ne4 Bh8 15. Nc5 Bd5 16. Rfd1 e6 17. Nxb7 Qb5 18. Nc5 Qxb2 19. Rac1 Qa3 20. Bf2 Bb2 21. e4 Bxc1 22. Rxc1 Na6 23. Nxa6 Qxa6 24. exd5 cxd5 25. Bd4 Rab8 26. Qe2 Qd6 27. Bh3 Rfe8 28. Qe3 Kf7 29. Kg2 Rb5 30. Re1 Ra5 31. Re2 Ra3 32. Bc3 Qc6 33. Kf2 Qb6 34. Qxb6 axb6 35. Bd4 Ra6 36. g4 b5 37. Bc5 Rc8 38. Bb4 d4 39. f5 d3 40. fxe6+ Ke8 41. Rd2 c3 42. Rxd3 Rxa2+ 43. Kg3 c2 44. Rf3 Kd8 45. Bd6 Ra3 46. Bxa3 b4 47. Rf8+ 1-0